| 000 | 00989nam a22001937a 4500 | ||
|---|---|---|---|
| 005 | 20260309144350.0 | ||
| 010 | _aBACHN26 | ||
| 020 |
_c450.00 _a9788199647817 |
||
| 037 | _bअक्षरेश | ||
| 082 |
_2प्रथम _a910 |
||
| 245 |
_a10 वर्ष (2016-2025) अध्यायवार भूगोल _b _cएन.एन. ओझा द्वारा सम्पादित |
||
| 250 | _aप्रथम | ||
| 260 |
_aनई दिल्ली _bक्रॉनिकल बुक्स _c2025 |
||
| 270 |
_aबी-7 एक्स./114 ए,सफदरजंग एन्क्लेव, _bनई दिल्ली _e110029 _mcirculation@chroniclepubs.com |
||
| 300 |
_a372पृ _c28सेमी(अजिल्द) |
||
| 500 | _aआई ए एस मुख्य परीक्षा प्रशनोतर रूप में | ||
| 700 |
_aओझा, एन.एन. _942400 _eसंपादक |
||
| 942 |
_2ddc _cHN _mअध्याय _h910 |
||
| 999 |
_c215379 _d215379 |
||